书目信息 |
| 题名: |
混凝土配合比实用手册
|
|
| 作者: | 谢洪学 编 | |
| 分册: | ||
| 出版信息: | 北京 中国计划出版社 2002.11 |
|
| 页数: | 481页 | |
| 开本: | 14×21cm | |
| 丛书名: | ||
| 单 册: | ||
| 中图分类: | TU528.062-62 | |
| 科图分类: | ||
| 主题词: | 混凝土--hun ning tu--配合料--比例--手册 | |
| 电子资源: | ||
| ISBN: | 7-80177-155-9 | |
| 000 | 00914nam0 2200229 450 | |
| 001 | 012006244237 | |
| 005 | 20060411161144.71 | |
| 010 | @a7-80177-155-9@dCNY40.00 | |
| 100 | @a20060411d2002 km y0chiy0120 ea | |
| 101 | 0 | @achi |
| 102 | @aCN@b110000 | |
| 105 | @aa a 000yy | |
| 200 | 1 | @a混凝土配合比实用手册@Ahun ning tu pei he bi shi yong shou ce@f谢洪学编@Fxie hong xue bian |
| 210 | @a北京@c中国计划出版社@d2002.11 | |
| 215 | @a481页@c图@d14×21cm | |
| 320 | @a有书目 (第480-481页)。 | |
| 330 | @a本书收录了混凝土使用不同强度的水泥,不同种类、规格的砂石,在不同温度、不同坍落度条件下的数千组配合比及其材料用量;介绍了混凝土配合比的设计以及用水量、水灰比、砂率、坍落度的适用范围等数据和使用水泥、砂石等材料的标准。 | |
| 606 | 0 | @a混凝土@Ahun ning tu@x配合料@x比例@x手册 |
| 690 | @aTU528.062-62@v4 | |
| 701 | 0 | @a谢洪学@Axie hong xue@4编 |
| 801 | 0 | @aCN@bQSSK@c20060411 |
| 905 | @a10447@dTU528.062-62@eX447 | |
| 混凝土配合比实用手册/谢洪学编.-北京:中国计划出版社,2002.11 |
| 481页:图;14×21cm |
| ISBN 7-80177-155-9:CNY40.00 |
| 本书收录了混凝土使用不同强度的水泥,不同种类、规格的砂石,在不同温度、不同坍落度条件下的数千组配合比及其材料用量;介绍了混凝土配合比的设计以及用水量、水灰比、砂率、坍落度的适用范围等数据和使用水泥、砂石等材料的标准。 |
| ● |
| 相关链接 |
|
|
|
正题名:混凝土配合比实用手册
索取号:TU528.062-62/X447
 
预约/预借
| 序号 | 登录号 | 条形码 | 馆藏地/架位号 | 状态 | 备注 |
| 1 | 557664 | 205576642 | 建筑库201/201建筑库 8排2列2层/ [索取号:TU528.062-62/X447] | 在馆 | |
| 2 | 557665 | 205576651 | 建筑库201/201建筑库 8排2列2层/ [索取号:TU528.062-62/X447] | 在馆 | |
| 3 | 557666 | 205576660 | 建筑库201/201建筑库 8排2列1层/ [索取号:TU528.062-62/X447] | 在馆 |